Holidays: Which Month? (Multiclickable) Quiz Stats

 Plays Quiz not verified by Sporcle

Score 0/20 Timer 04:00
0 Plays Today
% Correct
January
85.5%
December
85.2%
February
84.7%
November
80.8%
May
78.5%
December
78.1%
March
76.2%
April
74.3%
December
73.5%
June
69.3%
% Correct
July
63.1%
October
47.6%
January
45.7%
February
42.8%
November
41.2%
August
22.4%
January
20%
September
9.8%
August
7.6%
October
4.8%

You're not logged in!

Compare scores with friends on all Sporcle quizzes.
OR
Log In

Sporcle TV

Today on Sporcle TV


Watch our educational content, quiz creation guides, and fun videos on Sporcle TV.

Show Comments

Extras

Top Quizzes Today


Score Distribution

Your Account Isn't Verified!

In order to create a playlist on Sporcle, you need to verify the email address you used during registration. Go to your Sporcle Settings to finish the process.

Report this User

Report this user for behavior that violates our Community Guidelines.

Details: